000 00339 a2200109 4500
020 _a8120409248
082 _a624.15136 KAT
100 _aKatti, R. K.
245 _aBehaviour of saturated expensive soil and control methods
_cR. K. Katti, A.R. Katti
260 _aNew Delhi :
_bMohan Primlani
_c1994
300 _axv, 1132p. :
_bill ., ;
_c23 cm
650 _aSoil Properties
999 _c568
_d568